"Chceme im dať šancu" Záštitu nad novou nadáciou Detský sen prevzal osobne prezident

Bibliographic Details
Main Author: mih (Author)
Corporate Author: Detský sen (nadácia) (Author)
Format: Article
Language:Slovak
PhysicalDescription:1 obr.
Subjects:

MARC

LEADER 00000nab a2200000 a 4500
001 vtls000907806
003 SK-MaSNL
005 20260302172506.0
008 040720e20011205xo 0 slo
035 |a KE16742 
040 |a KEVKJB  |b slo  |c KEVKJB  |e AACR2 
041 0 |a slo 
044 |a xo  |c SK 
080 |a 061.27  |2 1981 
100 0 |a mih  |4 aut  |9 877915 
245 1 0 |a "Chceme im dať šancu"  |b Záštitu nad novou nadáciou Detský sen prevzal osobne prezident 
300 |b 1 obr. 
610 2 7 |a Detský sen (nadácia)  |2 KEVKJB  |9 878553 
650 0 7 |a nadácie  |2 KEVKJB  |9 2665 
650 0 7 |a založenie  |2 KEVKJB  |9 431500 
650 0 7 |a informácie  |2 KEVKJB  |9 1285 
651 7 |a Košice (Slovensko)  |2 KEVKJB  |9 18694 
651 7 |a KE,  |2 KEVKJB  |9 877256 
655 7 |a periodikum  |2 snkbucl  |9 29553 
710 2 |a Detský sen (nadácia)  |4 aut  |9 878553 
773 0 8 |t Košický večer  |g Roč. 12  |g Roč. 33, č.235, 5.12.2001, s. 15 
852 |a ZVYKNI  |b KIS3GCP 
999 |c 1398950  |d 1400880